000
00302nam a22001457a 4500
003
SGT
082
_a
617.7
_b
W17B
100
_a
BAGHERI, NIKA
245
_a
THE WILLS EYE MANUAL
250
_a
7TH
260
_a
INDIA
_b
WOLTERS
_c
2017
300
_a
446
650
_a
OPHTHALMOLOGY
942
_2
ddc
_c
BK
999
_c
14560
_d
14560